<?xml version="1.0" encoding="UTF-8"?>
<marc:record xmlns:marc="http://www.loc.gov/MARC21/slim">
   <marc:leader>00000nam a2200000 a 4500</marc:leader>
   <marc:datafield ind1="1" ind2=" " tag="100">
      <marc:subfield code="a">Zöller, Elisabeth</marc:subfield>
      <marc:subfield code="4">aut</marc:subfield>
      <marc:subfield code="e">Verfasser/-in</marc:subfield>
   </marc:datafield>
   <marc:datafield ind1="1" ind2=" " tag="100">
      <marc:subfield code="a">Czerwenka, Eva</marc:subfield>
   </marc:datafield>
   <marc:datafield ind1="0" ind2="0" tag="245">
      <marc:subfield code="a">Zauberhaftes Feenland - Zilla, die Blütenfee</marc:subfield>
   </marc:datafield>
   <marc:datafield ind1="0" ind2="0" tag="245">
      <marc:subfield code="c">Elisabeth Zöller. Ill. von Eva Czerwenka</marc:subfield>
   </marc:datafield>
   <marc:datafield ind1=" " ind2="1" tag="264">
      <marc:subfield code="a">Bindlach</marc:subfield>
      <marc:subfield code="b">Loewe</marc:subfield>
      <marc:subfield code="c">2009</marc:subfield>
   </marc:datafield>
   <marc:datafield ind1="1" ind2=" " tag="490">
      <marc:subfield code="a">Lesetiger Champion</marc:subfield>
   </marc:datafield>
   <marc:datafield ind1="1" ind2=" " tag="520">
      <marc:subfield code="a">Eine kleine Fee macht dem Streich böser Zwerge einen Strich durch die Rechnung. (ab 6) (JE) Zilla ist traurig - alle Feen haben sich schön herausgeputzt, um ein Fest zu feiern. Nur sie darf nicht mitfeiern! So steht sie abseits des Treibens und das ist letztlich auch gut so - sie sieht rechtzeitig die beiden bösen Zwerge Hartlieb und Wüterich, die die Blumen vernichten wollen, um die Feen zum Verschwinden zu bringen. Es gelingt ihr, die beiden Kerle in schwarze Käfer zu verwandeln und so das Fest zu retten. Und die Feenkönigin lobt sie sehr dafür. Die Geschichte hat aber noch ein weiteres überraschendes Ende! Die große Schrift kommt kleinen LeserInnen ab 6 Jahren entgegen und die bunten Illustrationen werden der Zielgruppe sicher sehr gefallen. *bn* Rebecca Englert</marc:subfield>
   </marc:datafield>
   <marc:datafield ind1=" " ind2=" " tag="020">
      <marc:subfield code="a">97837855669</marc:subfield>
      <marc:subfield code="9">97837855669</marc:subfield>
   </marc:datafield>
   <marc:datafield ind1=" " ind2=" " tag="020">
      <marc:subfield code="a">3785566913</marc:subfield>
      <marc:subfield code="9">3785566913</marc:subfield>
   </marc:datafield>
   <marc:datafield ind1=" " ind2=" " tag="300">
      <marc:subfield code="a">34 S. : zahlr. Ill. (farb.)</marc:subfield>
   </marc:datafield>
</marc:record>
